| 000 | 00703 a2200217 4500 | ||
|---|---|---|---|
| 001 | 58617 | ||
| 005 | 20260407155842.0 | ||
| 008 | 260407a1984 arg spa d | ||
| 003 | AR-UNSa-BCEJYS | ||
| 040 |
_aAR-UNSa-BCEJYS _bspa _cAR-UNSa-BCEJYS |
||
| 080 |
_a336.221 _xTributación |
||
| 245 | 1 | 0 | _aOrigen, historia y evolución de los tributos |
| 264 | 1 |
_aBuenos Aires : _bEdiciones Depalma _c1984 |
|
| 300 |
_a352 p. _c21 cm. |
||
| 041 | _aspa | ||
| 942 | _cBK | ||
| 590 | _aniveau_biblio:m niveau_hierar:0 | ||
| 100 | 1 | _aCongreso Interamericano de la Tributación (4º : 1984 abr. 5-7 : Rosario, Argentina) | |
| 700 | 1 | _aAsociación Interamericana de la Tributación | |
| 700 | 1 | _aJuano, Manuel de | |
| 999 |
_c6479 _d6479 |
||